| 000 | 00712nam a2200217 a 4500 | ||
|---|---|---|---|
| 005 | 20240911064836.0 | ||
| 008 | 991125s1976 cor 000 0 spa u | ||
| 035 | _aUPN01000011346 | ||
| 049 | _aCG | ||
| 050 | 4 |
_aHX313 _bM3.28 |
|
| 100 | 1 | _aMao Tse-Tung | |
| 245 | 1 | 3 |
_aLa construcción del socialismo en China / _cMao Tse-Tung. |
| 260 |
_aCórdoba, Arg. : _bPasado y Presente, _c1976. |
||
| 300 | _a214 p. | ||
| 440 | 0 |
_aCuadernos de pasado y presente ; _v65 |
|
| 501 | _aCon: Problemas económicos del socialismo en la URSS / JoséStalin ; tr. Conrado Caretti | ||
| 650 | 4 |
_aCOMUNISMO - _zCHINA _910267 |
|
| 650 | 4 |
_aComunismo _zRusia _910282 |
|
| 651 | 4 |
_aRUSIA - _xCONDICIONES ECONOMICAS |
|
| 905 | _aLibro | ||
| 999 |
_c11346 _d11346 |
||